Unité urbaine du Puy-en-Velay sur une carte - Statistiques

Statistiques générales
  • Ce quiz a été pris 9 fois
  • Le résultat moyen est 6 sur 9
Réponses sur la Carte
Les réponses sont colorées sur une échelle allant du rouge au vert en fonction du pourcentage des utilisateurs qui les ont devinées à leur premier essai. Vous pouvez retrouver ces pourcentages ci-dessous.
 
Statistiques - réponses
Population (hab.) Commune % Correct
18 540 Le Puy-en-Velay
100%
4 244 Brives-Charensac
100%
2 542 Chadrac
83%
3 395 Vals-près-le-Puy
83%
1 498 Aiguilhe
67%
3 140 Coubon
67%
3 585 Espaly-Saint-Marcel
67%
691 Le Monteil
50%
442 Ceyssac
17%
Aucun quiz correspondant
Distribution des résultats
% des personnes avec chaque résultat
Percentile par nombre de réponses
Votre historique - résultats
Vous n’avez pas pris ce quiz